000 00530nam a2200193Ia 4500
003 GCL
008 140319s9999 xx 000 0 eng d
040 _aGCL /
_cGCL
082 0 4 _a515.724
_bA F
100 1 _aACOFF, RUSSELL L.
245 1 0 _aFUNDAMENTALS OF OPERATIONS RESEARCH /
_cACOFF, RUSSELL L.
700 1 _aSASIENI, MAURCIE W.
260 _a[S.N] :
_bWILEY EASTERN LIMITED ،
_c1993
300 _a455 P
650 0 4 _aالتحليل الرياضى
650 0 4 _aSTATISTICS
650 0 4 _aMATHEMATICS
942 _2ddc
_cBK
999 _c20524
_d20524